|
|
|
|
| LEADER |
02424pam a22005057a 4500 |
| 001 |
AALProQuestebook00009 |
| 003 |
BD-DhAAL |
| 006 |
m||||||||d|||||||| |
| 007 |
cr|||||||||||| |
| 008 |
211227s2010\\\\ne\\\\\\sb\\\\001\0\eng\d |
| 999 |
|
|
|c 43376
|d 43376
|
| 020 |
|
|
|a 9789027219961 (hb : alk. paper)
|
| 020 |
|
|
|a 9789027219978 (pb : alk. paper)
|
| 020 |
|
|
|a 9789027287953 (electronic bk.)
|
| 035 |
|
|
|a (MiAaPQ)EBC623350
|
| 035 |
|
|
|a (Au-PeEL)EBL623350
|
| 035 |
|
|
|a (CaPaEBR)ebr10428792
|
| 035 |
|
|
|a (CaONFJC)MIL289582
|
| 035 |
|
|
|a (OCoLC)696782868
|
| 040 |
|
|
|a MiAaPQ
|c MiAaPQ
|d MiAaPQ
|d BD-DhAAL
|
| 082 |
|
|
|a 401.93
|2 22
|
| 245 |
|
|
|a Experimental methods in language acquisition research
|h [electronic resource] /
|c edited by Elma Blom, Sharon Unsworth.
|
| 260 |
|
|
|a Amsterdam ;
|a Philadelphia :
|b John Benjamins Pub. Company,
|c c2010.
|
| 300 |
|
|
|a vii, 292 pages.
|
| 490 |
|
|
|a Language learning & language teaching ;
|v 27
|
| 500 |
|
|
|a <strong>Off-Campus Access:</strong> Athens ID and Password Required
|
| 500 |
|
|
|a <strong>On-Campus Access:</strong> No User ID or Password Required
|
| 500 |
|
|
|a Access type: Perpetual access for unlimited users
|
| 504 |
|
|
|a Includes bibliographical references and index.
|
| 526 |
|
|
|a ENH
|x Asifa Sultana,
Associate Professor
|
| 533 |
|
|
|a Electronic reproduction. Ann Arbor, MI : ProQuest, 2015. Available via World Wide Web. Access may be limited to ProQuest affiliated libraries.
|
| 538 |
|
|
|a Mode of access: Internet
|
| 541 |
|
|
|a ProQuest
|h USD 237
|
| 650 |
|
|
|a Language acquisition
|x Research
|x Methodology.
|9 43643
|
| 650 |
|
|
|a Second language acquisition
|x Research
|x Methodology.
|9 43644
|
| 650 |
|
|
|a Bilingualism in children
|x Research
|x Methodology.
|9 43645
|
| 655 |
|
|
|a Electronic books.
|9 44984
|
| 700 |
|
|
|a Blom, Elma,
|d 1972-
|9 43647
|
| 700 |
|
|
|a Unsworth, Sharon.
|9 43648
|
| 710 |
|
|
|a ProQuest (Firm)
|9 43649
|
| 830 |
|
|
|a Language learning and language teaching ;$v27.
|9 43650
|
| 852 |
|
|
|a Ayesha Abed Library
|
| 856 |
|
|
|z Full text available on ProQuest
|u https://ebookcentral.proquest.com/lib/bracu/detail.action?docID=623350
|
| 942 |
|
|
|2 ddc
|c EBK
|
| 952 |
|
|
|0 0
|1 0
|2 ddc
|4 0
|6 401_930000000000000_EXP
|7 0
|9 69624
|a BRACUL
|b BRACUL
|d 2021-12-27
|e ProQuest
|g 20290.08
|l 0
|o 401.93 EXP
|r 2021-12-27
|t 1
|w 2021-12-27
|y EBK
|x As discussed with Acquisition team, according to invoice date (20.12.2021) of the ebook, converted USD 237.00 to BDT 20290.08.
|